| 000 | 00413nam a22001457a 4500 | ||
|---|---|---|---|
| 008 | 240919b |||||||| |||| 00| 0 eng d | ||
| 020 | _a9780889953277 | ||
| 082 | _a778.71 MIL | ||
| 100 | _aMilne, Courtney | ||
| 245 |
_aSaskatchewan: _bthe luminous landscape |
||
| 260 |
_aUSA: _bRed Deer Press; _c2005. |
||
| 300 |
_a5 - 144 p. _bColour Illus. _c37 cm |
||
| 500 | _aDonated by Dasho Tenzing Yonten | ||
| 942 | _2ddc | ||
| 999 |
_c10038 _d10039 |
||